|
|
|
|
| LEADER |
00000cam a22000004a 4500 |
| 001 |
musev2_67337 |
| 003 |
MdBmJHUP |
| 005 |
20230905050930.0 |
| 006 |
m o d |
| 007 |
cr||||||||nn|n |
| 008 |
170511s2017 enk o 00 0 eng d |
| 020 |
|
|
|a 9781526119414
|
| 020 |
|
|
|z 1526119412
|
| 020 |
|
|
|z 9781784992767
|
| 020 |
|
|
|z 9781784992750
|
| 035 |
|
|
|a (OCoLC)1132670030
|
| 040 |
|
|
|a MdBmJHUP
|c MdBmJHUP
|
| 100 |
1 |
|
|a Shaked, Nizan,
|e author.
|
| 245 |
1 |
4 |
|a The synthetic proposition :
|b Conceptualism and the political referent in contemporary art /
|c Nizan Shaked.
|
| 264 |
|
1 |
|a Manchester :
|b Manchester University Press,
|c 2017.
|
| 264 |
|
3 |
|a Baltimore, Md. :
|b Project MUSE,
|c 2020
|
| 264 |
|
4 |
|c ©2017.
|
| 300 |
|
|
|a 1 online resource (280 pages):
|b illustrations (colour)
|
| 336 |
|
|
|a text
|b txt
|2 rdacontent
|
| 337 |
|
|
|a computer
|b c
|2 rdamedia
|
| 338 |
|
|
|a online resource
|b cr
|2 rdacarrier
|
| 490 |
0 |
|
|a Rethinking Art's Histories
|
| 505 |
0 |
|
|a Cover; Series page; Title page; Copyright page; Dedication; Contents; Figures; Acknowledgements; Introduction; 1 Conceptual Art and identity politics: from the 1960s to the 1990s; 2 Adrian Piper: the body after conceptualism; 3 The synthetic proposition: conceptualism as political art; 4 The political referent in debate: identity, difference, representation; 5 Institutional gender: from Hans Haacke's Systems Theory to Andrea Fraser's feminist economies; A state of passionate detachment: Charles Gaines by way of conclusion; Bibliography; Index.
|
| 520 |
|
|
|a Traces two intersecting trajectories in American art. It shows how rights-based 1960s politics and the identity politics of the 1970s influenced the development of Conceptual art (with a capital 'C') into the diverse set of practices generally characterised as conceptualist (with a lower-case 'c').
|
| 588 |
|
|
|a Description based on print version record.
|
| 650 |
|
7 |
|a Conceptualism.
|2 fast
|0 (OCoLC)fst00872986
|
| 650 |
|
7 |
|a Conceptual art.
|2 fast
|0 (OCoLC)fst00872980
|
| 650 |
|
7 |
|a Art
|x Political aspects.
|2 fast
|0 (OCoLC)fst00815309
|
| 650 |
|
7 |
|a ART
|x Conceptual.
|2 bisacsh
|
| 650 |
|
7 |
|a ART
|x History
|x General.
|2 bisacsh
|
| 650 |
|
6 |
|a Art
|x Aspect politique
|z États-Unis.
|
| 650 |
|
6 |
|a Conceptualisme.
|
| 650 |
|
6 |
|a Art conceptuel
|z États-Unis.
|
| 650 |
|
0 |
|a Art
|x Political aspects
|z United States.
|
| 650 |
|
0 |
|a Conceptualism.
|
| 650 |
|
0 |
|a Conceptual art
|z United States.
|
| 651 |
|
7 |
|a United States.
|2 fast
|0 (OCoLC)fst01204155
|
| 655 |
|
7 |
|a Electronic books.
|2 local
|
| 710 |
2 |
|
|a Project Muse.
|e distributor
|
| 830 |
|
0 |
|a Book collections on Project MUSE.
|
| 856 |
4 |
0 |
|z Texto completo
|u https://projectmuse.uam.elogim.com/book/67337/
|
| 945 |
|
|
|a Project MUSE - Custom Collection
|
| 945 |
|
|
|a Project MUSE - Archive Complete Supplement VIII
|
| 945 |
|
|
|a Project MUSE - Archive History Supplement VIII
|
| 945 |
|
|
|a Project MUSE - Archive American Studies Supplement VII
|